Fruitful living (Record no. 17725)

000 -LEADER
fixed length control field 01186cam a2200325 a 4500
001 - CONTROL NUMBER
control field 21117
003 - CONTROL NUMBER IDENTIFIER
control field OkBaRHE
005 - DATE AND TIME OF LATEST TRANSACTION
control field 20110329191328.0
008 - FIXED-LENGTH DATA ELEMENTS--GENERAL INFORMATION
fixed length control field 920731r1992 pau b 000 0 eng d
010 ## - LIBRARY OF CONGRESS CONTROL NUMBER
LC control number 98223567
020 ## - INTERNATIONAL STANDARD BOOK NUMBER
International Standard Book Number 0875089461
035 ## - SYSTEM CONTROL NUMBER
System control number (OCoLC)26294660
040 ## - CATALOGING SOURCE
Original cataloging agency KyWAT
Transcribing agency KyWAT
Modifying agency DLC
042 ## - AUTHENTICATION CODE
Authentication code lccopycat
050 00 - LIBRARY OF CONGRESS CALL NUMBER
Classification number BV4501 .P467
082 00 - DEWEY DECIMAL CLASSIFICATION NUMBER
Classification number 248.4
Edition number 21
100 1# - MAIN ENTRY--PERSONAL NAME
Personal name Penn-Lewis, Jessie,
Dates associated with a name 1861-1927.
9 (RLIN) 894
245 10 - TITLE STATEMENT
Title Fruitful living
260 ## - PUBLICATION, DISTRIBUTION, ETC. (IMPRINT)
Place of publication, distribution, etc Fort Washington, PA :
Name of publisher, distributor, etc Christian Literature Crusade,
Date of publication, distribution, etc c1992.
300 ## - PHYSICAL DESCRIPTION
Extent 137 p. ;
Dimensions 18 cm.
500 ## - GENERAL NOTE
General note "An Overcomer book"--Cover.
500 ## - GENERAL NOTE
General note "Originally published by the Overcomer Literature Trust, England"--T.p. verso.
504 ## - BIBLIOGRAPHY, ETC. NOTE
Bibliography, etc Includes bibliographical references.
505 0# - FORMATTED CONTENTS NOTE
Formatted contents note 1. Abandonment to the Spirit -- 2. Much fruit -- 3. The silence of Jesus.
650 #0 - SUBJECT ADDED ENTRY--TOPICAL TERM
Topical term or geographic name as entry element Christian life.
906 ## - LOCAL DATA ELEMENT F, LDF (RLIN)
a 7
b cbc
c copycat
d 3
e ncip
f 19
g y-gencatlg
942 ## - ADDED ENTRY ELEMENTS (KOHA)
Source of classification or shelving scheme
Koha item type Books
Copies
Barcode Source of classification or shelving scheme Koha item type Copy number Shelving location Permanent Location Full call number Not for loan Damaged status Price effective from Lost status Date acquired Current Location Withdrawn status Date last seen
21117 Books1General StacksRHEMA Bible Training CollegeBV4501 .P467  2011-03-29 2011-03-29RHEMA Bible Training College 2011-03-29